Matematika pre 2. ročník gymnázia funkcie 2

Bibliographic Details
Main Authors: Odvárko, Oldřich, 1938- (Author), Ryšánková, Marta (Author)
Other Authors: Smida, Jozef (matematik) (Translator)
Format: Book
Language:Slovak
Czech
PhysicalDescription:188 s. grafy, sch., tab. 21 cm
Published: Bratislava Slovenské pedagogické nakladateľstvo 1998
ISBN:8008028637
Edition:3. vyd.
Subjects:

MARC

LEADER 00000cam a2200000 a 4500
001 vtls001339858
003 SK-MaSNL
005 20260301070110.0
008 240226s1998 xo p r 000 0 slo
015 |a SNBA1998/11-04143 
020 |a 8008028637 
035 |a SNK000292936 
035 |a urn:nbn:sk:snk-amki2h 
035 |a urn:nbn:sk:snk-am008h0q 
035 |a 68303599-2D89-485C-BB25-5ED054516D3A 
040 |a SNK  |b slo  |c SNK  |e AACR2 
041 1 |a slo  |h cze 
044 |a xo  |c SK 
080 |a 517.5(075.3)  |2 1981 
100 1 |a Odvárko, Oldřich,  |d 1938-  |4 aut  |9 260432 
245 1 0 |a Matematika pre 2. ročník gymnázia  |b funkcie 2  |c Oldřich Odvárko, Marta Ryšánková ; [preložil Jozef Smida] 
250 |a 3. vyd. 
260 |a Bratislava  |b Slovenské pedagogické nakladateľstvo  |c 1998 
300 |a 188 s.  |b grafy, sch., tab.  |c 21 cm 
500 |a Údaj o prekl. prevzatý z rubu tit. strany 
650 0 7 |a matematika  |2 SNKPH  |9 70174 
650 0 7 |a matematické funkcie  |2 SNKPH  |9 88190 
655 7 |a učebnice stredných škôl  |2 SNKPH  |9 69323 
700 1 |a Ryšánková, Marta  |4 aut  |9 46637 
700 1 |a Smida, Jozef  |c (matematik)  |4 trl  |9 198409 
919 |a 80-08-02863-7 
958 |a OND 
958 |a UC 
999 |c 633117  |d 635047 
952 |t P60, <03>, [BOOK], {603}  |a SNK  |b SNK  |y PREZ  |7 0  |p 17A0153743  |o snkSC 96490/2  |i snkKSP 7898/98  |0 0  |1 0  |4 0  |d 1998-08-25  |f 1  |l 0  |r 2025-09-16 00:00:00  |w 2026-02-23 
952 |t P60, <04>, [BOOK], {604}  |a SNK  |b SNK  |y VYP  |7 0  |p 17A0153744  |o snkSC 96490/2 D1  |i snkKSP 7899/98  |0 0  |1 0  |4 0  |d 1998-08-25  |l 0  |r 2005-01-02 00:00:00  |w 2026-02-23 
952 |t P60, <09>, [BOOK], {629}  |a SNK  |b SNK  |y NEVYP  |7 0  |o snkC 723  |i snk1364/980924  |0 0  |1 0  |4 0  |d 1998-09-23  |l 0  |r 2005-01-02 00:00:00  |w 2026-02-23